| 000 | 00453nam a2200181Ia 4500 | ||
|---|---|---|---|
| 003 | GCL | ||
| 008 | 140319s9999 xx 000 0 eng d | ||
| 040 |
_aGCL / _cGCL |
||
| 082 | 0 | 4 |
_a759 _bW T |
| 100 | 1 | _aWILTON, ANDREW | |
| 245 | 1 | 0 |
_aTURNER IN HIS TIME / _cWILTON, ANDREW |
| 260 |
_a[S.N] : _bTHAMES AND HUDSON ، _c1987 |
||
| 300 | _a256 | ||
| 650 | 0 | 4 | _aARTS |
| 650 | 0 | 4 | _aTURNER, JOSEPH MALL WILLAM |
| 650 | 0 | 4 | _aART, BRITISH |
| 942 |
_2ddc _cBK |
||
| 999 |
_c10782 _d10782 |
||